Tłumaczenia państwa "Polska" na języki europejskie - Statystyki

Ogólne statystyki
  • Ten quiz został rozwiązany 52 839 razy
  • Średni wynik to 15 z 33
Statystyki odpowiedzi
Język Odpowiedź % Poprawnych
duński Polen
98%
holenderski Polen
98%
luksemburski Polen
98%
niemiecki Polen
98%
norweski Polen
98%
szwedzki Polen
98%
angielski Poland
95%
islandzki Pólland
92%
macedoński Polska
74%
albański Poloni
69%
grecki Polonía
64%
hiszpański Polonia
64%
portugalski Polônia
64%
rumuński Polonia
64%
włoski Polonia
64%
bułgarski Polsha
39%
rosyjski Pol'sha
39%
francuski Pologne
27%
czeski Polsko
22%
słowacki Pol'sko
22%
węgierski Lengyelország
12%
litewski Lenkija
10%
bośniacki Poljska
8%
chorwacki Poljska
8%
serbski Poljska
8%
słoweński Poljska
8%
maltański Polonja
7%
turecki Polonya
7%
estoński Poola
7%
fiński Puola
7%
łotewski Polija
5%
białoruski Poĺšča
5%
irlandzki Pholainn
4%
Nie znaleziono quizów pasujących do podanych kryteriów
Rozkład punktacji
Procent ludzi z każdym wynikiem
Percentyl według liczby udzielonych odpowiedzi
Twoja historia wyników
Nie rozwiązałeś tego quizu